| 000 | 00643nam a2200133Ia 4500 | ||
|---|---|---|---|
| 008 | 171212s9999 xx 000 0 und d | ||
| 020 | _a9780833034670 | ||
| 100 | _aLarrabee, F. Stephen | ||
| 245 |
_cLarrabee, F. Stephen _aNATO's Eastern Agenda in a New Strategic Era |
||
| 260 |
_bRAND Corporation _c2003 |
||
| 650 | _aNorth Atlantic Treaty Organization -- Military policy; Former communist countries -- Military relations -- Europe; Europe -- Military relations -- Former communist countries; United States -- Military policy; World politics -- 21st century | ||
| 650 | _aPolitical Science | ||
| 856 | _uwww.jstor.org/stable/10.7249/mr1744af | ||
| 999 |
_c352355 _d352355 |
||